<?xml version="1.0" encoding="UTF-8"?>
<record
    xmlns:xsi="http://www.w3.org/2001/XMLSchema-instance"
    xsi:schemaLocation="http://www.loc.gov/MARC21/slim http://www.loc.gov/standards/marcxml/schema/MARC21slim.xsd"
    xmlns="http://www.loc.gov/MARC21/slim">

  <leader>00999na  a2200289   4500</leader>
  <controlfield tag="001">24245</controlfield>
  <controlfield tag="003">MIRAKIL</controlfield>
  <controlfield tag="005">20181213155330.0</controlfield>
  <controlfield tag="008">180829b        tu            000 0      </controlfield>
  <datafield tag="020" ind1=" " ind2=" ">
    <subfield code="a">9789751631909</subfield>
  </datafield>
  <datafield tag="040" ind1=" " ind2=" ">
    <subfield code="a">Milas</subfield>
    <subfield code="b">tur</subfield>
    <subfield code="c">TR-AnCHP</subfield>
  </datafield>
  <datafield tag="041" ind1=" " ind2=" ">
    <subfield code="a">tur</subfield>
  </datafield>
  <datafield tag="082" ind1=" " ind2=" ">
    <subfield code="a">327.956103</subfield>
    <subfield code="b">K77t 2016</subfield>
  </datafield>
  <datafield tag="090" ind1=" " ind2=" ">
    <subfield code="a">327.956103 K77t 2016</subfield>
  </datafield>
  <datafield tag="100" ind1=" " ind2=" ">
    <subfield code="a">K&#xF6;se, &#x130;smail</subfield>
  </datafield>
  <datafield tag="245" ind1=" " ind2=" ">
    <subfield code="a">T&#xFC;rk-Amerikan ili&#x15F;kilerinin &#x15F;ekillenmesinde Amiral Mark L. Bristol'un  rol&#xFC; (1919-1927)</subfield>
    <subfield code="c">&#x130;smail K&#xF6;se</subfield>
  </datafield>
  <datafield tag="260" ind1=" " ind2=" ">
    <subfield code="a">Ankara</subfield>
    <subfield code="b">T&#xFC;rk Tarih Kurumu</subfield>
    <subfield code="c">2016</subfield>
  </datafield>
  <datafield tag="300" ind1=" " ind2=" ">
    <subfield code="a">XXV&#x130;, 603 s.</subfield>
    <subfield code="b">hrt. , grf.</subfield>
    <subfield code="c">24 sm.</subfield>
  </datafield>
  <datafield tag="440" ind1=" " ind2=" ">
    <subfield code="a">AKDTYK T&#xFC;rk Tarih Kurumu yay&#x131;nlar&#x131;</subfield>
    <subfield code="v">IV/A-2-3.1. dizi- say&#x131; 4</subfield>
  </datafield>
  <datafield tag="504" ind1=" " ind2=" ">
    <subfield code="a">Kaynak&#xE7;a ve dizin var</subfield>
  </datafield>
  <datafield tag="600" ind1=" " ind2=" ">
    <subfield code="a">Bristol, Mark Lambert</subfield>
    <subfield code="c">Amiral</subfield>
    <subfield code="d">1868-1939</subfield>
  </datafield>
  <datafield tag="650" ind1=" " ind2=" ">
    <subfield code="a">Lozan konferans&#x131;</subfield>
    <subfield code="y">1922-1923</subfield>
  </datafield>
  <datafield tag="650" ind1=" " ind2=" ">
    <subfield code="a">T&#xFC;rkiye</subfield>
    <subfield code="x">ABD</subfield>
    <subfield code="x">D&#x131;&#x15F; ili&#x15F;kiler</subfield>
    <subfield code="y">20.yy</subfield>
  </datafield>
  <datafield tag="650" ind1=" " ind2=" ">
    <subfield code="a">T&#xFC;rkiye</subfield>
    <subfield code="x">ili&#x15F;kiler</subfield>
    <subfield code="x">ABD</subfield>
    <subfield code="y">1922-1924</subfield>
  </datafield>
  <datafield tag="650" ind1=" " ind2=" ">
    <subfield code="a">T&#xFC;rkiye</subfield>
    <subfield code="x">ili&#x15F;kiler</subfield>
    <subfield code="x">ABD</subfield>
    <subfield code="y">1917-1922</subfield>
  </datafield>
  <datafield tag="942" ind1=" " ind2=" ">
    <subfield code="2">dcc</subfield>
    <subfield code="c">BKS</subfield>
  </datafield>
  <datafield tag="952" ind1=" " ind2=" ">
    <subfield code="a">0001</subfield>
    <subfield code="b">0001</subfield>
    <subfield code="d">2018-08-29</subfield>
    <subfield code="e">2</subfield>
    <subfield code="l">0</subfield>
    <subfield code="o">327.956103 K77t 2016</subfield>
    <subfield code="p">018337</subfield>
    <subfield code="r">2018-08-29 00:00:00</subfield>
    <subfield code="v">0.00</subfield>
    <subfield code="w">2018-08-29</subfield>
    <subfield code="y">BKS</subfield>
  </datafield>
  <datafield tag="999" ind1=" " ind2=" ">
    <subfield code="c">10667</subfield>
    <subfield code="d">10667</subfield>
  </datafield>
</record>
